Methoden der organischer Chemie (Houben-Weyl) Band XIII/7 Metallorganische Verbindungen Pb, Ti, Zr, Hf, V, Nb, Ta, Cr, Mo, W
Uložené v:
| Ďalší autori: | , |
|---|---|
| Médium: | Kniha |
| Jazyk: | German |
| Vydavateľské údaje: |
Stuttgart
G.Thieme Verlag
1975
|
| Vydanie: | 4. völlig neu gestaltete Aufl. |
| Predmet: | |
| On-line prístup: | View in OPAC |
| Tagy: |
Žiadne tagy, Buďte prvý, kto otaguje tento záznam!
|
MARC
| LEADER | 00000nam a2200000 a 4500 | ||
|---|---|---|---|
| 005 | 20260127134230.0 | ||
| 008 | 091209 1975 gw 000 0 ger d | ||
| 020 | |a 3132146048 | ||
| 035 | |a vtls010029887 | ||
| 039 | 9 | |a 200912091038 |b mschk03 |c 200912091036 |d mschk03 |y 200912091005 |z mschk03 | |
| 040 | |a STUSCHK1 |b slo |c STUSCHK1 |e AACR2 | ||
| 080 | |a 547 | ||
| 245 | 1 | |a Methoden der organischer Chemie |b (Houben-Weyl) |n Band XIII/7 |p Metallorganische Verbindungen Pb, Ti, Zr, Hf, V, Nb, Ta, Cr, Mo, W |c herausgegeben von Eugen Müller ...[et al.] | |
| 250 | |a 4. völlig neu gestaltete Aufl. | ||
| 260 | |a Stuttgart |b G.Thieme Verlag |c 1975 | ||
| 300 | |a xxxii, 570 s. |b il. |c 26 cm | ||
| 650 | 0 | |a organická chémia | |
| 700 | 0 | |a Müller, Eugen |d 1905-1976 |4 edt | |
| 700 | 0 | |a Bayer, Otto |d 1913- |4 edt | |
| 910 | |a SCHK95 | ||
| 919 | |a 3-13-214604-8 | ||
| 999 | |c 7370 |d 7370 | ||